| 000 | 00629nam a2200205Ia 4500 | ||
|---|---|---|---|
| 003 | GCL | ||
| 008 | 140319s9999 xx 000 0 ara d | ||
| 040 |
_aGCL / _cGCL |
||
| 082 | 0 | 4 |
_aق _b923.1 _bد س |
| 100 | 1 | _aدار الهلال | |
| 245 | 1 | 0 |
_aالسادات من القرية الى الثورة / _cدار الهلال |
| 260 |
_a[S.N] : _bدار الهلال للطباعة والنشر ، _c1977 |
||
| 300 | _a464 ص | ||
| 490 | _a | ||
| 650 | 0 | 4 | _aمصر |
| 650 | 0 | 4 | _aالاحوال الاجتماعية |
| 650 | 0 | 4 | _aالاحوال السياسية |
| 650 | 0 | 4 | _aالملوك والحكام |
| 942 |
_2ddc _cBK |
||
| 999 |
_c37071 _d37071 |
||